Normal view
MARC view
- AT-RISK YOUTH-GREAT BRITAIN - SOCIAL CONDITIONS - 21ST CENTURY
Entry Topical Term
001 - CONTROL NUMBER
- control field: 4333
003 - CONTROL NUMBER IDENTIFIER
- control field: CBULib
005 - DATE AND TIME OF LATEST TRANSACTION
- control field: 20250131104601.0
008 - FIXED-LENGTH DATA ELEMENTS
- fixed length control field: 250131|| aca||babn | a|a d
040 ## - CATALOGING SOURCE
- Original cataloging agency: CBULib
150 ## - HEADING--TOPICAL TERM
- Topical term or geographic name entry element: AT-RISK YOUTH-GREAT BRITAIN - SOCIAL CONDITIONS - 21ST CENTURY